Peatlands (Record no. 23769)

MARC details
000 -LEADER
fixed length control field 00306nam a2200133Ia 4500
082 ## - DEWEY DECIMAL CLASSIFICATION NUMBER
Classification number 581.5
Item number MOO
100 ## - MAIN ENTRY--AUTHOR NAME
Personal name BELLAMY, D J
245 #0 - TITLE STATEMENT
Title Peatlands
260 ## - PUBLICATION, DISTRIBUTION, ETC. (IMPRINT)
Place of publication London
Name of publisher Elek science
Year of publication 1973
650 ## - SUBJECT ADDED ENTRY--TOPICAL TERM
Topical Term Peatlands
700 ## - ADDED ENTRY--PERSONAL NAME
Personal name MOORE, P D
942 ## - ADDED ENTRY ELEMENTS (KOHA)
Koha item type Books
Holdings
Withdrawn status Lost status Damaged status Not for loan Home library Current library Date acquired Full call number Accession Number Koha item type
        RRII Library RRII Library 16/12/2021 581.5 MOO 04464 Books